[Event "Voronezh op-B 22nd"]
[Site "Voronezh"]
[Date "2018.06.15"]
[Round "4"]
[White "Anisimov, V."]
[Black "Yudin, Sergei"]
[Result "1-0"]
[WhiteElo "2011"]
[BlackElo "1699"]
[PlyCount "99"]
[EventDate "2018.06.12"]
[EventType "swiss"]
[EventRounds "9"]
[EventCountry "RUS"]
[SourceTitle "CBM 185 Extra"]
[Source "ChessBase"]
[SourceDate "2018.07.29"]
[SourceVersion "1"]
[SourceVersionDate "2018.07.29"]
[SourceQuality "1"]

1. d4 Nf6 2. Bg5 e6 3. Nf3 d5 4. e3 Be7 5. Nbd2 Nbd7 6. Bd3 0-0 7. c3 c5 8. Rc1 Qb6 9. Qc2 Re8 10. b3 Nf8 11. Ne5 h6 12. Bh4 N6d7 13. Bxe7 Nxe5 14. Bxc5 Nxd3+ 15. Qxd3 Qa5 16. 0-0 Bd7 17. Rfe1 Qc7 18. f4 b6 19. Bxf8 Rxf8 20. Nf3 a5 21. c4 Rfc8 22. c5 Qa7 23. Ne5 bxc5 24. dxc5 f6 25. Nxd7 Qxd7 26. Rc3 Rc7 27. Qd4 Re8 28. Rd1 Rd8 29. a3 Qc6 30. b4 Qa4 31. Rb1 Qb5 32. Qd3 Rb8 33. Qxb5 Rxb5 34. Kf2 Kf7 35. Ke2 g6 36. Kd3 e5 37. fxe5 fxe5 38. e4 Ke6 39. exd5+ Kxd5 40. Ke3 Rc6 41. Rd1+ Ke6 42. Rc4 axb4 43. axb4 Kf5 44. g4+ Kg5 45. Ke4 Rb8 46. Rd7 Rf6 47. Kxe5 Re8+ 48. Kd5 Re1 49. c6 Rd1+ 50. Kc5 1-0

[Event "Voronezh op-B 22nd"]
[Site "Voronezh"]
[Date "2018.06.13"]
[Round "2"]
[White "Anisimov, V."]
[Black "Klevets, Ksenia"]
[Result "1/2-1/2"]
[WhiteElo "2011"]
[BlackElo "1844"]
[PlyCount "113"]
[EventDate "2018.06.12"]
[EventType "swiss"]
[EventRounds "9"]
[EventCountry "RUS"]
[SourceTitle "CBM 185 Extra"]
[Source "ChessBase"]
[SourceDate "2018.07.29"]
[SourceVersion "1"]
[SourceVersionDate "2018.07.29"]
[SourceQuality "1"]

1. d4 d5 2. c4 c6 3. e3 Nf6 4. Nc3 e6 5. Nf3 Bd6 6. Bd3 a6 7. c5 Bc7 8. Bd2 Nbd7 9. e4 dxe4 10. Nxe4 Nxe4 11. Bxe4 Nf6 12. Bc2 h6 13. 0-0 0-0 14. Re1 Qd5 15. Bc3 Qh5 16. Qd3 Rd8 17. h3 g6 18. Qf1 Qd5 19. Ne5 Bxe5 20. Rxe5 Qd7 21. Rd1 Qe7 22. Bb3 Nd5 23. Ba5 Re8 24. g3 Bd7 25. Rde1 f6 26. R5e4 Qg7 27. Qd3 Kh7 28. g4 f5 29. Re5 fxg4 30. hxg4 Rf8 31. Bd2 Rf7 32. Bd1 Nf4 33. Bxf4 Rxf4 34. f3 Raf8 35. Kg2 Qf6 36. R1e4 Rxe4 37. Qxe4 Qf4 38. Bc2 Rf6 39. Rh5 Qxe4 40. Bxe4 Kg7 41. Rh1 g5 42. Kf2 Be8 43. b4 Bg6 44. Re1 Bxe4 45. Rxe4 Kf7 46. a4 Ke7 47. Re3 h5 48. Re5 hxg4 49. f4 Rg6 50. Kg3 Kf6 51. Re1 Rh6 52. Kg2 Rh4 53. Kg3 Rh7 54. Rf1 Kg7 55. b5 axb5 56. axb5 cxb5 57. Rd1 1/2-1/2

[Event "Kuzbass-ch op"]
[Site "Kemerovo"]
[Date "2011.10.18"]
[Round "6"]
[White "Anisimov, V."]
[Black "Feofanov, Andrei"]
[Result "1/2-1/2"]
[WhiteElo "2158"]
[BlackElo "1838"]
[PlyCount "89"]
[EventDate "2011.10.14"]
[EventType "swiss"]
[EventRounds "9"]
[EventCountry "RUS"]
[SourceTitle "EXT 2012"]
[Source "ChessBase"]
[SourceDate "2011.11.24"]
[SourceVersion "1"]
[SourceVersionDate "2011.11.24"]
[SourceQuality "1"]

1. d4 d5 2. c4 e6 3. Nc3 Nf6 4. e3 c5 5. Nf3 Nc6 6. cxd5 exd5 7. Be2 cxd4 8. Nxd4 Bc5 9. 0-0 0-0 10. Nb3 Bb6 11. Bf3 d4 12. exd4 Nxd4 13. Nxd4 Bxd4 14. Qb3 Be6 15. Qxb7 Rb8 16. Qa6 Qc7 17. Qa3 Rfc8 18. Ne2 Bc5 19. Qc3 Qe7 20. Qe5 Bd6 21. Qe3 Bc5 22. Qe5 Bd6 23. Qg5 h6 24. Qh4 Rc4 25. Bf4 Bxf4 26. Nxf4 Rbb4 27. g3 g5 28. Qxh6 gxf4 29. gxf4 Rxf4 30. Be2 Rg4+ 31. Bxg4 Rxg4+ 32. Kh1 Bd5+ 33. f3 Qe2 34. Qh3 Rg6 35. Rae1 Qxb2 36. Rg1 Kg7 37. Rxg6+ fxg6 38. Qg2 Qxg2+ 39. Kxg2 Bxa2 40. Ra1 Bc4 41. Rxa7+ Kh6 42. Kf2 Bd3 43. Ke3 Bf5 44. Kf4 Nh5+ 45. Ke5 1/2-1/2

[Event "Kuzbass-ch op"]
[Site "Kemerovo"]
[Date "2011.10.17"]
[Round "5"]
[White "Lapenko, Andrey"]
[Black "Anisimov, V."]
[Result "0-1"]
[WhiteElo "1654"]
[BlackElo "2158"]
[PlyCount "120"]
[EventDate "2011.10.14"]
[EventType "swiss"]
[EventRounds "9"]
[EventCountry "RUS"]
[SourceTitle "EXT 2012"]
[Source "ChessBase"]
[SourceDate "2011.11.24"]
[SourceVersion "1"]
[SourceVersionDate "2011.11.24"]
[SourceQuality "1"]

1. e4 d5 2. exd5 Qxd5 3. Nc3 Qa5 4. Nf3 Bg4 5. Be2 Nf6 6. d3 e6 7. Nd4 Bxe2 8. Qxe2 Nbd7 9. Bd2 c6 10. 0-0 Be7 11. Rfe1 0-0 12. a3 Qb6 13. Nb3 Rfe8 14. Be3 Qc7 15. Ne4 c5 16. Rad1 Nd5 17. Bd2 Rac8 18. c4 Nf4 19. Qf3 Ng6 20. g3 Rcd8 21. Qe2 e5 22. Bg5 f6 23. Be3 b6 24. Nc3 Ndf8 25. Nd5 Qd6 26. Nd2 Ne6 27. Ne4 Qd7 28. Nxe7+ Nxe7 29. Qg4 Rf8 30. Qe2 Nd4 31. Bxd4 Qxd4 32. Qc2 Nf5 33. Nc3 Qg4 34. Re4 Qg6 35. Nd5 Rd7 36. Rde1 Nd4 37. Qd1 Qf7 38. Kg2 Rb8 39. a4 h6 40. f4 Rxd5 41. cxd5 Qxd5 42. f5 Nxf5 43. Kf1 Nd6 44. R4e3 Qh1+ 45. Kf2 Qxh2+ 46. Kf1 Nf5 47. Qg4 Nxe3+ 48. Rxe3 Qh1+ 49. Kf2 Qd5 50. Qe2 Rc8 51. Re4 Rd8 52. Re3 Qb3 53. d4 Qxa4 54. dxe5 fxe5 55. Rxe5 Qd4+ 56. Kf3 Qd3+ 57. Kf2 Rf8+ 58. Ke1 Qb1+ 59. Kd2 Qxb2+ 60. Kd1 Qxe2+ 0-1

[Event "Kemerovo-ch"]
[Site "Kemerovo"]
[Date "2011.03.06"]
[Round "5"]
[White "Savintsev, Dmitriy"]
[Black "Anisimov, V."]
[Result "0-1"]
[WhiteElo "1886"]
[BlackElo "2160"]
[PlyCount "52"]
[EventDate "2011.02.20"]
[EventType "swiss"]
[EventRounds "9"]
[EventCountry "RUS"]
[SourceTitle "CBM 141 Extra"]
[Source "ChessBase"]
[SourceDate "2011.05.03"]
[SourceVersion "1"]
[SourceVersionDate "2011.05.03"]
[SourceQuality "1"]

1. b3 e5 2. Bb2 Nc6 3. e3 Nf6 4. Bb5 Bd6 5. Na3 0-0 6. Nc4 Qe7 7. Nxd6 Qxd6 8. Nf3 Re8 9. 0-0 a6 10. Be2 b6 11. d4 e4 12. Ne5 Bb7 13. Nxc6 dxc6 14. Bg4 Bc8 15. Bxc8 Raxc8 16. Qe2 a5 17. a4 Re6 18. Ba3 Qd5 19. Rad1 Rce8 20. c4 Qg5 21. g3 h5 22. h4 Qf5 23. d5 cxd5 24. cxd5 Nxd5 25. Qb5 c6 26. Qc4 g5 0-1

[Event "Kemerovo-ch"]
[Site "Kemerovo"]
[Date "2009.03.22"]
[Round "9"]
[White "Starkov, S."]
[Black "Anisimov, V."]
[Result "1-0"]
[WhiteElo "2218"]
[BlackElo "2207"]
[PlyCount "45"]
[EventDate "2009.03.16"]
[EventType "swiss"]
[EventRounds "9"]
[EventCountry "RUS"]
[SourceTitle "EXT 2010"]
[Source "ChessBase"]
[SourceDate "2010.11.25"]
[SourceVersion "1"]
[SourceVersionDate "2010.11.25"]
[SourceQuality "1"]

1. e4 e5 2. Nf3 Nc6 3. d4 exd4 4. Nxd4 Qf6 5. Nb5 Bc5 6. f4 Bb6 7. N1c3 Nge7 8. Na4 Ba5+ 9. Bd2 a6 10. Nbc3 Qd4 11. a3 b5 12. b4 Nxb4 13. axb4 Bxb4 14. Qf3 bxa4 15. Rxa4 Bb7 16. Bd3 Bc6 17. Rxb4 Qxb4 18. 0-0 f5 19. Qf2 fxe4 20. Nxe4 Qa3 21. Qd4 Qa4 22. Bb4 0-0 23. Nc5 1-0

[Event "Kemerovo-ch"]
[Site "Kemerovo"]
[Date "2009.03.19"]
[Round "5"]
[White "Anisimov, V."]
[Black "Chigaev, Maksim"]
[Result "0-1"]
[WhiteElo "2207"]
[BlackElo "2145"]
[PlyCount "74"]
[EventDate "2009.03.16"]
[EventType "swiss"]
[EventRounds "9"]
[EventCountry "RUS"]
[SourceTitle "EXT 2010"]
[Source "ChessBase"]
[SourceDate "2010.11.25"]
[SourceVersion "1"]
[SourceVersionDate "2010.11.25"]
[SourceQuality "1"]

1. d4 Nf6 2. c4 g6 3. Nc3 Bg7 4. e4 0-0 5. Be3 d6 6. f3 Nc6 7. Nge2 a6 8. Qd2 Rb8 9. h4 h5 10. Bh6 b5 11. 0-0-0 bxc4 12. g4 e5 13. d5 Nb4 14. Ng3 Bxh6 15. Qxh6 Bxg4 16. fxg4 Nxg4 17. Qd2 Qf6 18. Bxc4 Qf3 19. Rhg1 Ne3 20. Be2 Qf2 21. Rde1 Kh7 22. a3 Nbc2 23. Bd3 Nxe1 24. Rxe1 Qxd2+ 25. Kxd2 Ng2 26. Rb1 Nxh4 27. b4 Nf3+ 28. Ke3 Nd4 29. Nge2 c5 30. dxc6 Nxc6 31. Bxa6 f5 32. Rd1 f4+ 33. Kf2 f3 34. Ng3 Nd4 35. Nd5 Kg7 36. Rc1 h4 37. Nf1 Ne6 0-1

[Event "Kemerovo-ch"]
[Site "Kemerovo"]
[Date "2009.03.17"]
[Round "3"]
[White "Anisimov, V."]
[Black "Gusev, Yurij"]
[Result "1/2-1/2"]
[WhiteElo "2207"]
[BlackElo "2138"]
[PlyCount "21"]
[EventDate "2009.03.16"]
[EventType "swiss"]
[EventRounds "9"]
[EventCountry "RUS"]
[SourceTitle "EXT 2010"]
[Source "ChessBase"]
[SourceDate "2010.11.25"]
[SourceVersion "1"]
[SourceVersionDate "2010.11.25"]
[SourceQuality "1"]

1. e4 e5 2. d4 exd4 3. c3 dxc3 4. Bc4 cxb2 5. Bxb2 Bb4+ 6. Nc3 d5 7. Bxd5 Bxc3+ 8. Bxc3 Nf6 9. Bxf6 Qxf6 10. Ne2 0-0 11. 0-0 1/2-1/2

[Event "Kuzbass-ch op"]
[Site "Kemerovo"]
[Date "2008.11.18"]
[Round "6"]
[White "Anisimov, V."]
[Black "Starkov, S."]
[Result "1-0"]
[WhiteElo "2216"]
[BlackElo "2262"]
[PlyCount "137"]
[EventDate "2008.11.14"]
[EventType "swiss"]
[EventRounds "9"]
[EventCountry "RUS"]
[SourceTitle "EXT 2022"]
[Source "ChessBase"]
[SourceDate "2021.10.06"]
[SourceVersion "1"]
[SourceVersionDate "2021.10.06"]
[SourceQuality "1"]

1. d4 d5 2. c4 Nc6 3. Nc3 e5 4. cxd5 Nxd4 5. e3 Nf5 6. Bb5+ Bd7 7. Bxd7+ Qxd7 8. Nf3 Bd6 9. e4 Nfe7 10. 0-0 f6 11. Be3 g5 12. Qb3 b6 13. Rac1 Nh6 14. Rc2 Nf7 15. Rfc1 a6 16. Nd2 0-0 17. Nc4 b5 18. Nxd6 cxd6 19. Ne2 Rfc8 20. Ng3 Kg7 21. Bb6 Rxc2 22. Rxc2 Rc8 23. h3 Rxc2 24. Qxc2 Qc8 25. Nf5+ Kf8 26. Qxc8+ Nxc8 27. Bc7 Ke8 28. Kf1 Kd7 29. Ba5 Ne7 30. Ng7 Nd8 31. Bxd8 Kxd8 32. Ke2 Ng6 33. g3 Nh8 34. Kf3 Ke7 35. Kg4 Nf7 36. Ne6 a5 37. Kh5 b4 38. b3 Ke8 39. Nc7+ Ke7 40. Na8 f5 41. exf5 Kf6 42. g4 e4 43. Nb6 Ke5 44. h4 gxh4 45. Kxh4 Kf4 46. Nc4 Kf3 47. g5 Kxf2 48. g6 hxg6 49. fxg6 Nh6 50. Nxd6 e3 51. Ne4+ Kf3 52. Ng3 Kf2 53. g7 e2 54. Nxe2 Nf5+ 55. Kg5 Nxg7 56. Nd4 Ke3 57. Nf5+ Ke4 58. Nxg7 Kxd5 59. Nf5 Ke4 60. Ne7 a4 61. bxa4 Kd4 62. a5 Kc5 63. a6 Kb6 64. a7 Kxa7 65. Nc6+ Kb6 66. Nxb4 Kb5 67. Nc2 Kc4 68. Kf5 Kc3 69. Ke4 1-0

[Event "Kuzbass-ch"]
[Site "Kemerovo"]
[Date "2007.12.18"]
[Round "5"]
[White "Eltsov, Roman"]
[Black "Anisimov, V."]
[Result "1-0"]
[WhiteElo "2317"]
[BlackElo "2269"]
[PlyCount "81"]
[EventDate "2007.12.16"]
[EventType "swiss"]
[EventRounds "9"]
[EventCountry "RUS"]
[SourceTitle "CBM 122 Extra"]
[Source "ChessBase"]
[SourceDate "2008.03.04"]
[SourceVersion "1"]
[SourceVersionDate "2008.03.04"]
[SourceQuality "1"]

1. c4 e5 2. Nc3 Nf6 3. g3 Nc6 4. Bg2 Be7 5. Nf3 0-0 6. 0-0 d6 7. d4 exd4 8. Nxd4 Ne5 9. b3 c6 10. h3 Qc7 11. e4 Re8 12. Be3 Bd7 13. Re1 Rad8 14. Rc1 Bc8 15. f4 Ng6 16. Qf3 Bf8 17. Kh2 a6 18. Bf2 h5 19. Na4 c5 20. Nc2 Bd7 21. Nc3 Be6 22. Nd5 Bxd5 23. cxd5 b5 24. Nb4 Qc8 25. Nc6 Rd7 26. g4 hxg4 27. hxg4 Rc7 28. Bh3 Qb7 29. g5 Nd7 30. Bg3 Nb8 31. Nxb8 Qxb8 32. e5 dxe5 33. fxe5 Qd8 34. d6 Ra7 35. Qf5 Re6 36. Rxc5 Qe8 37. Rec1 Ra8 38. Bg2 Rb8 39. b4 Qd8 40. Rc7 Qe8 41. Bd5 1-0

[Event "Kuzbass-ch"]
[Site "Kemerovo"]
[Date "2007.12.17"]
[Round "2"]
[White "Anisimov, V."]
[Black "Gorokhov, Vladimir"]
[Result "1-0"]
[WhiteElo "2269"]
[BlackElo "2017"]
[PlyCount "115"]
[EventDate "2007.12.16"]
[EventType "swiss"]
[EventRounds "9"]
[EventCountry "RUS"]
[SourceTitle "CBM 122 Extra"]
[Source "ChessBase"]
[SourceDate "2008.03.04"]
[SourceVersion "1"]
[SourceVersionDate "2008.03.04"]
[SourceQuality "1"]

1. d4 Nf6 2. c4 g6 3. Nc3 Bg7 4. e4 d6 5. f3 Nbd7 6. Be3 c5 7. d5 0-0 8. Nh3 Nh5 9. g4 Nhf6 10. Qd2 Ne5 11. Be2 a5 12. Nf2 a4 13. h3 b6 14. f4 Ned7 15. a3 Ne8 16. Qc2 e6 17. Nxa4 Rxa4 18. Qxa4 Bxb2 19. Rb1 Bc3+ 20. Kf1 Qh4 21. Kg2 g5 22. Qb3 gxf4 23. Bxf4 Bd4 24. Qg3 Qe7 25. Rhe1 Kh8 26. Kh1 Rg8 27. Qf3 Rg6 28. Rf1 e5 29. Bg3 Rf6 30. Qg2 Rh6 31. Nd1 Kg8 32. Rb3 Qg5 33. Bf2 Qd2 34. Be3 Bxe3 35. Nxe3 Rg6 36. Nf5 Kf8 37. Qf3 Rf6 38. Qe3 Qxe3 39. Rxe3 Ng7 40. Rb3 Nxf5 41. gxf5 Rh6 42. Kg2 Ke7 43. Rfb1 Kd8 44. Rxb6 Nxb6 45. Rxb6 Kc7 46. Rb3 Rh4 47. Bg4 h5 48. Kg3 hxg4 49. Kxh4 gxh3 50. Rxh3 Ba6 51. Rc3 f6 52. Kh5 Kd7 53. Kg6 Ke7 54. Kg7 Bc8 55. a4 Ba6 56. a5 Bc8 57. Ra3 Ba6 58. Ra4 1-0

[Event "RUS-ch Seniors"]
[Site "Tula"]
[Date "2004.05.15"]
[Round "6"]
[White "Anisimov, V."]
[Black "Shabanov, Yuri"]
[Result "0-1"]
[WhiteElo "2183"]
[BlackElo "2425"]
[PlyCount "72"]
[EventDate "2004.05.??"]
[EventType "swiss"]
[EventRounds "9"]
[EventCountry "RUS"]
[SourceTitle "EXT 2005"]
[Source "ChessBase"]
[SourceDate "2004.11.15"]
[SourceVersion "1"]
[SourceVersionDate "2004.11.15"]
[SourceQuality "1"]

1. d4 d5 2. c4 c6 3. cxd5 cxd5 4. Nc3 Nf6 5. Nf3 Nc6 6. Bf4 a6 7. Rc1 Ne4 8. Qb3 Nxc3 9. bxc3 e6 10. e3 Be7 11. Bd3 Na5 12. Qc2 h6 13. Ne5 Bd7 14. 0-0 Nc6 15. Nxd7 Qxd7 16. Qe2 Bd6 17. Bxd6 Qxd6 18. e4 dxe4 19. Qxe4 Qd5 20. Qg4 0-0 21. f4 Nxd4 22. f5 Nxf5 23. Bxf5 exf5 24. Rxf5 Qxa2 25. c4 Rad8 26. Rcf1 Qd2 27. R5f4 Rd7 28. h4 Re8 29. Kh2 Qd6 30. g3 Qe6 31. c5 Qxg4 32. Rxg4 Re2+ 33. Kh3 Rc2 34. Rf5 g6 35. Re5 Rdd2 36. Rb4 h5 0-1

[Event "RUS-ch Seniors"]
[Site "Tula"]
[Date "2004.05.11"]
[Round "2"]
[White "Anisimov, V."]
[Black "Golcman, Evgeny"]
[Result "1-0"]
[WhiteElo "2183"]
[BlackElo "2330"]
[PlyCount "77"]
[EventDate "2004.05.??"]
[EventType "swiss"]
[EventRounds "9"]
[EventCountry "RUS"]
[SourceTitle "EXT 2005"]
[Source "ChessBase"]
[SourceDate "2004.11.15"]
[SourceVersion "1"]
[SourceVersionDate "2004.11.15"]
[SourceQuality "1"]

1. d4 Nf6 2. c4 g6 3. Nc3 Bg7 4. e4 d6 5. f3 0-0 6. Be3 e5 7. d5 Ne8 8. Bd3 Bh6 9. Qd2 Bxe3 10. Qxe3 f5 11. exf5 gxf5 12. 0-0-0 Nd7 13. Nh3 Nc5 14. Bc2 f4 15. Qe2 Bxh3 16. gxh3 a5 17. Ne4 Nxe4 18. Qxe4 Qe7 19. Rd2 Kh8 20. Re1 Qh4 21. Rg1 Qxh3 22. c5 Nf6 23. Qe2 Rg8 24. Rgd1 Rab8 25. cxd6 cxd6 26. Kb1 Rg7 27. Qd3 b6 28. Qa3 Rd8 29. Qb3 Nd7 30. a3 Rb8 31. Qc3 Nc5 32. b4 axb4 33. axb4 Na6 34. Kb2 Rc8 35. Qa3 Nc7 36. Qd3 Ne8 37. Ra1 Rgc7 38. Bb1 Rc4 39. Ra7 1-0